Герои на Съветския съюз (Запис номер 444336)
[ съкратено ]
| 000 -Лидер | |
|---|---|
| Контролно поле с фиксирана дължина | nam a22 a 4500 |
| 003 - Код на организацията, давaща контролен номер | |
| Контролно поле | BLK |
| 005 - Дата и час на последна редакция | |
| Контролно поле | 20220209144357.0 |
| 008 - Елементи от данни с фиксирана дължина | |
| fixed length control field | 220209b bu |||||r|||| 00| | bu d |
| 040 ## - Източник на каталожния запис | |
| Идентификатор на билиотеката - собственик на записа | BLK |
| 041 ## - Код за език | |
| Код за езика на текст/звукозапис или на отделно заглавие | Български |
| Код за езика КДБФ | Български |
| 080 ## - УДК | |
| Текстов определител УДК | Руска литература |
| УДК код - определител по УДК | 821.161.1 |
| УДК определител | -4 |
| УДК - код + определител | 821.161.1-4 |
| 139 ## - Редно поле | |
| Редна дума | Герои на Съветския съюз |
| 245 ## - Сведения за заглавието | |
| Заглавие | Герои на Съветския съюз |
| 260 ## - Област на издателските данни | |
| 9 (RLIN) | 219645 |
| Място на издаване, разпространение и проч. | София |
| Име на издателя, разпространителя и проч. | Полит. управл. на войската |
| Година на издаване | 1949 |
| 300 ## - Физическа характеристика | |
| Страници | 140 с. |
| Размери/Мащаб | 14 см |
| 380 ## - Жанр | |
| Жанр | Худож. лит. |
| 490 ## - СЕРИИ (Колекции) | |
| 9 (RLIN) | 205466 |
| Име на серия | Войнишка библиотека |
| №: серия | Г. V, 5/6 |
| 852 ## - Местоположение | |
| Форматна сигнатура | Цб I 1739 |
| Фондова буква | Основен фонд - ползва се само за читалня |
| 999 ## - СИСТЕМНИ КОНТРОЛНИ НОМЕРА | |
| Koha biblionumber | 444336 |
| Koha biblioitemnumber | 444336 |
| 942 ## - АРТИКУЛИ | |
| Вид на библиотечния материал | Книги |
| Скрит в OPAC | Не |
| Периодичен библиозапис | Да |
| 944 ## - СЪЗДАВАНЕ И РЕДАКЦИЯ на ЗАПИСА | |
| Създаване/Редакция | Създаване |
| Дата на регистрацията/редакция | 2022-02-09 |
| Служител, извършил регистрацията/редакцията | Христина Везирева |
| Код за отписване | Код за изгубен артикул | Източник на класификационната схема | Код за повреда | Коз за рестрикции | Код за отдаване | Артикулен № | Име на библиотеката - собственик | Име на библиотеката, в която се намира в момента | Статус (Текущо местоположение) | Дата на вписване в системата | Местоположение - отдел | Цена в лева | Инвентарен номер | Систематично азбучна сигнатура | Баркод | Цена в евро | Служебен тип на артикула |
|---|---|---|---|---|---|---|---|---|---|---|---|---|---|---|---|---|---|
| Не е изгубен | Universal Decimal Classification | Не е повреден | без рестрикции | ползва се в читалня | 871099 | Регионална библиотека "Любен Каравелов" Русе | Регионална библиотека "Любен Каравелов" Русе | Основен фонд - ползва се само за читалня | 2022-02-11 | Хранилище | 0.30 | 14348/57 | Цб I 1739 | 900000025240 | 0.15 | Книги |